Laxton's builder's price book for 1866 (Record no. 114428)

MARC details
000 -LEADER
fixed length control field 00875cam a22002055a 4500
001 - CONTROL NUMBER
control field L156812
008 - FIXED-LENGTH DATA ELEMENTS--GENERAL INFORMATION
fixed length control field 120717s1866 xxk f 000 0 eng d
035 ## - SYSTEM CONTROL NUMBER
System control number (Sirsi) u156812
041 0# - LANGUAGE CODE
Language code of text/sound track or separate title eng
100 1# - MAIN ENTRY--PERSONAL NAME
Personal name Laxton, W.
245 00 - TITLE STATEMENT
Title Laxton's builder's price book for 1866
Remainder of title containing upwards of 50,000 prices, carefully corrected according to the present prices of materials and labour, together with many useful and important memoranda; and prices and descriptions of new materials and inventions suited to the builder, contractor and engineer
250 ## - EDITION STATEMENT
Edition statement 46th ed.
260 ## - PUBLICATION, DISTRIBUTION, ETC.
Place of publication, distribution, etc. London
Name of publisher, distributor, etc. Simpkin, Marshall and Co.
Date of publication, distribution, etc. [1866]
300 ## - PHYSICAL DESCRIPTION
Extent x, 203, 52, lxxxiv p.
Other physical details ill.
Dimensions 17 cm.
520 ## - SUMMARY, ETC.
Summary, etc. Contains annotations.
583 0# - ACTION NOTE
Action Condition reviewed
Time/date of action 20120620
Status condition level 1
651 #4 - SUBJECT ADDED ENTRY--GEOGRAPHIC NAME
Geographic name Great Britain
Chronological subdivision 1707-
690 ## - LOCAL SUBJECT ADDED ENTRY--TOPICAL TERM (OCLC, RLIN)
Topical term or geographic name as entry element Construction management
9 (RLIN) 6230
942 ## - ADDED ENTRY ELEMENTS (KOHA)
Suppress in OPAC 0
Holdings
Withdrawn status Lost status Damaged status Not for loan Home library Current library Shelving location Date acquired Total Checkouts Full call number Barcode Date last seen Copy number Price effective from Koha item type
        Historic collection Historic collection Historic collection 17/07/2012   PRICE OCTAVO 1866 LAXTON 30076950 20/08/2025 1 06/08/2019 Book